Prescripción del ejercicio (Record no. 61163)

MARC details
000 -LEADER
campo de control de longitud fija 02085nac a2200301 a 4500
003 - IDENTIFICADOR DE NÚMERO DE CONTROL
campo de control CO-PeBPM
005 - FECHA Y HORA DE LA ÚLTIMA TRANSACCIÓN
campo de control 20250812175328.0
007 - CAMPO FIJO DE DESCRIPCIÓN FÍSICA--INFORMACIÓN GENERAL
campo de control de longitud fija ta
008 - DATOS DE LONGITUD FIJA--INFORMACIÓN GENERAL
campo de control de longitud fija 250812s2015 ck a|||| |||| 00| 0 spa d
020 ## - NÚMERO INTERNACIONAL ESTÁNDAR DEL LIBRO
Número Internacional Estándar del Libro 9789587624526
040 ## - FUENTE DE CATALOGACIÓN
Centro catalogador/agencia de origen CO-PeBPM
Lengua de catalogación spa
Centro/agencia transcriptor CO-PeBPM
Normas de descripción rda
041 ## - CÓDIGO DE IDIOMA
Código de lengua del texto/banda sonora o título independiente spa
082 04 - NÚMERO DE LA CLASIFICACIÓN DECIMAL DEWEY
Número de clasificación 613.71 D932p
Número de edición 22
100 1# - ENTRADA PRINCIPAL--NOMBRE DE PERSONA
Nombre de persona Duperly, John
Término indicativo de función/relación autor
245 10 - MENCIÓN DEL TÍTULO
Título Prescripción del ejercicio
Resto del título : Una guía para recomendar actividad física a cada paciente
Mención de responsabilidad, etc. / John Duperly, Felipe Lobelo
250 ## - MENCION DE EDICION
Mención de edición Primera edición
260 ## - PUBLICACIÓN, DISTRIBUCIÓN, ETC.
Lugar de publicación, distribución, etc. Bogotá, Colombia
Nombre del editor, distribuidor, etc. : Edicones de la U
Fecha de publicación, distribución, etc. , 2015
300 ## - DESCRIPCIÓN FÍSICA
Extensión 246 páginas
Otras características físicas ilustraciones en blanco y negro
Dimensiones 23,5 centímetros
500 ## - NOTA GENERAL
Nota general Incluye índice
500 ## - NOTA GENERAL
Nota general Contiene datos biográficos de los autores en la solapa del texto
520 ## - RESUMEN, ETC.
Sumario, etc. Una guía para recomendar actividad física a cada paciente. "Este libro constituye una guía básica dirigida a médicos y profesionales de la salud de cualquier especialidad para la valoración de la condición física y la adecuada prescripción del ejercicio en la población adulta. El libro incluye la evidencia más reciente sobre los beneficios de la actividad física para la salud, la evaluación del riesgo cardiovascular y algunos de los métodos prácticos para orientar al paciente en el complejo proceso de cambio comportamental hacia el ejercicio regular. Finalmente, presenta los componentes básicos de la prescripción de la actividad física, seguidos de las principales consideraciones para tener en cuenta cuando se prescribe el ejercicio a pacientes con condiciones especiales. Los últimos capítulos recogen las principales recomendaciones nutricionales y farmacológicas que deben ser consideradas cuando se prescribe la actividad física en presencia de las enfermedades crónicas más comunes".
650 14 - PUNTO DE ACCESO ADICIONAL DE MATERIA--TÉRMINO DE MATERIA
Término de materia o nombre geográfico como elemento de entrada Actividad física
Fuente del encabezamiento o término LEMB
650 14 - PUNTO DE ACCESO ADICIONAL DE MATERIA--TÉRMINO DE MATERIA
Término de materia o nombre geográfico como elemento de entrada Ejercicio - Efectos fisiológicos
Fuente del encabezamiento o término LEMB
650 14 - PUNTO DE ACCESO ADICIONAL DE MATERIA--TÉRMINO DE MATERIA
Término de materia o nombre geográfico como elemento de entrada Entrenamiento deportivo - Efectos fisiológicos
Fuente del encabezamiento o término LEMB
650 14 - PUNTO DE ACCESO ADICIONAL DE MATERIA--TÉRMINO DE MATERIA
Término de materia o nombre geográfico como elemento de entrada Prevención de la salud
Fuente del encabezamiento o término LEMB
700 1# - ENTRADA AGREGADA--NOMBRE PERSONAL
Nombre de persona Lobelo, Felipe
Término indicativo de función/relación autor
942 ## - ELEMENTOS DE ENTRADA SECUNDARIOS (KOHA)
Fuente del sistema de clasificación o colocación Clasificación Decimal Dewey
Tipo de ítem Koha Libros
Suprimir en OPAC No
Holdings
Estatus retirado Estado de pérdida Fuente del sistema de clasificación o colocación Estado de daño No para préstamo Colección Biblioteca de origen Biblioteca actual Ubicación en estantería Fecha de adquisición Fuente de adquisición Total de préstamos Signatura topográfica completa Código de barras Visto por última vez Copia número Precio de reemplazo Tipo de ítem Koha
    Clasificación Decimal Dewey     General BIBLIOTECA PÚBLICA MUNICIPAL RAMON CORREA MEJIA BIBLIOTECA PÚBLICA MUNICIPAL RAMON CORREA MEJIA Colección general 12/08/2023 Donación   613.71 D932p 62274 12/08/2025 Ej. 1 12/08/2025 Libros

Powered by Koha